Ethnic groups in Thailand - Statistics

General Stats
  • This quiz has been taken 46 times
  • The average score is 9 of 35
Answer Stats
Family Population Ethnicity % Correct
Kra-Dai (Tai) 36 million Thai
95%
Austroasiatic (Mon-Khmer) 1.15 million Khmer
90%
Austronesian (Malayo-Polynesian) 1.5 million Malay
90%
Sino-Tibetan (Sinitic) 10 million Chinese
83%
Hmong-Mien (Hmongic) 250 k Hmong
76%
Austroasiatic (Vietic) 100 k Vietnamese
73%
Sino-Tibetan (Lolo-Burmese) 1.41 million Burmese
71%
Sino-Tibetan (Karenic) 2.3 million Karen
68%
Austroasiatic (Mon-Khmer) 500 k Mon
63%
Indo-European (Indo-Aryan) 465 k Indian
54%
Kra-Dai (Tai) 22 million Isan
39%
Austroasiatic (Khmuic) 10 k Khmu
22%
Austronesian (Malayo-Polynesian) 4 k Cham
17%
Indo-European (Iranic) 70 k Iranian
17%
Austroasiatic (Khasi-Palaungic) 5 k Palaung
15%
Indo-European (Germanic) 20 k Australian
12%
Sino-Tibetan (Lolo-Burmese) 55 k Lisu
12%
Indo-European (Indo-Aryan) 250 k Pakistani
12%
Indo-European (Germanic) 41 k Briton
7%
Sino-Tibetan (Lolo-Burmese) 100 k Lahu
7%
Sino-Tibetan (Lolo-Burmese) 80 k Akha
5%
Austroasiatic (Katuic) 24 k Bru
2%
Sino-Tibetan (Lolo-Burmese) 60 k Hani
2%
Austroasiatic (Katuic) 400 k Kuy
2%
Austroasiatic (Khmuic) 48 k Lua
2%
Austronesian (Malayo-Polynesian) 1 k Moken
2%
Kra-Dai (Tai) 27 k Tai Dam
2%
Hmong-Mien (Mienic) 40 k Yao
2%
Sino-Tibetan (Sinitic) 1 k Chin Haw
0%
Austroasiatic (Khasi-Palaungic) 17 k Lawa
0%
Austroasiatic (Mon-Khmer) 6 k Nyah Kur
0%
Kra-Dai (Tai) 205 k Phuan
0%
Kra-Dai (Tai) 10 k Saek
0%
Kra-Dai (Tai) 1 million Tai Lue
0%
Austronesian (Malayo-Polynesian) 3 k Urak Lawoi
0%
No matching quizzes found
Score Distribution
Percent of People with Each Score
Percentile by Number Answered
Your Score History
You have not taken this quiz